• 首页
  • 本馆介绍
  • 公告通知
  • 最新文献
  • 馆藏检索
  • 电子资源
  • 读者导购
  • 参考咨询
  • 我的图书馆
  • 登录
  • 详细信息显示
  • 放入我的书架
  • 预约/预借图书
  • 作者相关作品
  • 分类相关作品
  • 丛书相关作品
  • 出版社相关作品

书目信息

  • 表格格式
  • 工作单格式
  • 卡片格式
题名:
数学建模习题解答
    
 
作者: 沈继红 主编
分册:  
出版信息: 哈尔滨   哈尔滨工程大学出版社  2002
页数: 195页
开本: 21cm
丛书名:
单 册:
中图分类: O22
科图分类:
主题词: 运筹学--数学模型
电子资源:
ISBN: 7-81073-327-3
000 00782nam0 2200229 450
001 070302222597
005 20051205141731.17
010    @a7-81073-327-3@dCNY9.00
092    @aCN
100    @a20040419d2002 ekmy0chiy0120 ea
101 0  @achi
102    @aCN@b230000
105    @aak z 000yy
200 1  @a数学建模习题解答@9shu xue jian mo xi ti jie da@f沈继红主编@Fshen ji hong zhu bian
210    @a哈尔滨@c哈尔滨工程大学出版社@d2002
215    @a195页@c图@d21cm
330    @a本书是与《数学建模》一书配套编写的习题指导书,对《数学建模》书中的习题做了解答。考虑到某些题目的篇幅及容量,个别题目作了提示性或构思性的部分解答。
606 0  @a运筹学@x数学模型
690    @aO22@v4
701  0 @a沈继红@Ashen ji hong@4主编
801  0 @aCN@bTSSF@c20051205
905    @a10447@dO22@e102(+)
    
    数学建模习题解答/沈继红主编.-哈尔滨:哈尔滨工程大学出版社,2002
    195页:图;21cm
    
    
    ISBN 7-81073-327-3:CNY9.00
    本书是与《数学建模》一书配套编写的习题指导书,对《数学建模》书中的习题做了解答。考虑到某些题目的篇幅及容量,个别题目作了提示性或构思性的部分解答。
●
相关链接 在E读中查询图书 在五车中查询图书 在当当中查询图书 在豆瓣中查询图书


正题名:数学建模习题解答     索取号:O22/102(+)         预约/预借

序号 登录号 条形码 馆藏地/架位号 状态 备注
1 0367570   203675709   第二样本阅览室/ [索取号:O22/102(+)] 在馆    
2 0367571   203675718   第三借阅区/ [索取号:O22/102(+)] 在馆    
3 0367572   203675727   第三借阅区/ [索取号:O22/102(+)] 在馆    
4 0370062   203700628   第三借阅区/ [索取号:O22/102(+)] 在馆    
5 0370063   203700637   第三借阅区/ [索取号:O22/102(+)] 在馆    
6 0370064   203700646   第三借阅区/ [索取号:O22/102(+)] 在馆    
唐山师范学院图书馆 欢迎您!
大连网信软件有限公司© 版权所有